AH International Schools' Libraries

Ikigai : (Record no. 49685)

MARC details
000 -LEADER
fixed length control field 00870pam a2200217 i 4500
020 ## - INTERNATIONAL STANDARD BOOK NUMBER
International Standard Book Number 9781786330895
100 1# - MAIN ENTRY--PERSONAL NAME
Personal name García, Héctor,
Dates associated with a name 1981-
9 (RLIN) 86809
245 10 - TITLE STATEMENT
Title Ikigai :
Remainder of title the Japanese secret to a long and happy life /
Statement of responsibility, etc Héctor García and Francesc Miralles ; translated by Heather Cleary.
260 ## - PUBLICATION, DISTRIBUTION, ETC. (IMPRINT)
Place of publication, distribution, etc New York:
Name of publisher, distributor, etc Penguin Books;
Date of publication, distribution, etc 2016.
300 ## - PHYSICAL DESCRIPTION
Extent 194 pages :
Other physical details illustrations (black and white) ;
Dimensions 19 cm
500 ## - GENERAL NOTE
General note Translated from the Spanish.
500 ## - GENERAL NOTE
General note This translation originally published: New York: Penguin Books.
504 ## - BIBLIOGRAPHY, ETC. NOTE
Bibliography, etc Includes bibliographical references.
650 #0 - SUBJECT ADDED ENTRY--TOPICAL TERM
Topical term or geographic name as entry element Self-actualization (Psychology)
9 (RLIN) 52948
650 #0 - SUBJECT ADDED ENTRY--TOPICAL TERM
Topical term or geographic name as entry element Happiness
Geographic subdivision Japan.
9 (RLIN) 86810
650 #0 - SUBJECT ADDED ENTRY--TOPICAL TERM
Topical term or geographic name as entry element Longevity
9 (RLIN) 86811
650 #0 - SUBJECT ADDED ENTRY--TOPICAL TERM
Topical term or geographic name as entry element Well-being
9 (RLIN) 86812
700 1# - ADDED ENTRY--PERSONAL NAME
Personal name Miralles, Francesc,
Dates associated with a name 1968-
9 (RLIN) 86813
700 1# - ADDED ENTRY--PERSONAL NAME
Personal name Cleary, Heather,
Relator term translator.
9 (RLIN) 86814
942 ## - ADDED ENTRY ELEMENTS (KOHA)
Source of classification or shelving scheme
Koha item type NON FIC SECTION
Holdings
Withdrawn status Lost status Source of classification or shelving scheme Damaged status Not for loan Collection code Home library Current library Shelving location Date acquired Total Checkouts Total Renewals Full call number Barcode Checked out Date last seen Date checked out Price effective from Koha item type
          Non-Fiction Asian Hope Secondary Library Asian Hope Secondary Library SECONDARY 10/28/2025 2 1 613 GAR 208754 05/22/2026 01/20/2026 01/20/2026 10/28/2025 Khmer NON FIC Books

For any Logos Library related questions please contact Miss Art at swongnarasuk@asianhope.org.

For any Asian Hope Library related questions please contact Miss Raza at graza@asianhope.org.

Click here to explore our ebooks!

Powered by Koha